<?xml version="1.0" encoding="UTF-8"?>
<marc:record xmlns:marc="http://www.loc.gov/MARC21/slim">
   <marc:leader>00000nam a2200000 a 4500</marc:leader>
   <marc:datafield ind1="1" ind2=" " tag="100">
      <marc:subfield code="a">Tudor, C.J.</marc:subfield>
      <marc:subfield code="4">aut</marc:subfield>
      <marc:subfield code="e">Verfasser/-in</marc:subfield>
   </marc:datafield>
   <marc:datafield ind1=" " ind2=" " tag="653">
      <marc:subfield code="a">Thriller</marc:subfield>
   </marc:datafield>
   <marc:datafield ind1="0" ind2="0" tag="245">
      <marc:subfield code="a">Der Kreidemann</marc:subfield>
   </marc:datafield>
   <marc:datafield ind1="0" ind2="0" tag="245">
      <marc:subfield code="b">Thriller</marc:subfield>
   </marc:datafield>
   <marc:datafield ind1="0" ind2="0" tag="245">
      <marc:subfield code="c">C.J. Tudor</marc:subfield>
   </marc:datafield>
   <marc:datafield ind1=" " ind2="1" tag="264">
      <marc:subfield code="a">Wien [u.a.]</marc:subfield>
      <marc:subfield code="b">RM Buch u. Medien Vertr. GmbH / Buchgem. Donauland</marc:subfield>
      <marc:subfield code="c">2023</marc:subfield>
   </marc:datafield>
   <marc:datafield ind1="1" ind2=" " tag="520">
      <marc:subfield code="a">Niemals konnte Eddie den Tag des schrecklichen Unfalls vergessen. Damals begegnete der Zwölfjährige dem Kreidemann zum ersten Mal. Und der erzählte Eddie von den Zeichnungen &#x96; geheimen Botschaften, die außer Eddie und seinen Freunden niemand verstand. Erst hat es Spaß gemacht, aber dann führten die Kreidefiguren sie zu der ersten Toten. Dreißig Jahre später erhält Ed einen Brief, der die alten Wunden brutal aufreißt: Die Vergangenheit kehrt zurück, und der Kreidemann geht wieder um &#x96; rätselhaft, bedrohlich, unberechenbar.</marc:subfield>
   </marc:datafield>
   <marc:datafield ind1=" " ind2=" " tag="020">
      <marc:subfield code="a">9783442492985</marc:subfield>
      <marc:subfield code="9">9783442492985</marc:subfield>
   </marc:datafield>
   <marc:datafield ind1=" " ind2=" " tag="020">
      <marc:subfield code="a">344249298X</marc:subfield>
      <marc:subfield code="9">344249298X</marc:subfield>
   </marc:datafield>
</marc:record>
